000 00762nam a2200181Ia 4500
008 100920s9999 xx 000 0 und d
082 _b77529
_a320 न 00
100 _aजोशी ग. शं.
245 _aसहकारी संस्था व बँकांची थकबाकी वसुली.
260 _bअंजली प्रकाशन, पुणे.
_c2000
300 _a146
_bसाधी
365 _b175
520 _aराजकारण.
630 _aसहकारी संस्था व बँकांची थकबाकी वसुली.
650 _aराजकारण.
730 _aसहकारी संस्था व बँकांची थकबाकी वसुली.
942 _cBOOK
999 _c718805
_d718802